000 00438nam a2200181Ia 4500
001 1092
005 20260306140606.0
008 260306t2010||||xx |||||||||||||| ||spa||
041 _aESP
082 _a180
_bR31H 2010 T. 2.1
100 _aReale, Giovanni
_eAUT
245 0 _aHistoria de la filosofĂ­a II:
_bdel humanismo a Kant
260 _c2010
300 _a
_c26 cm.
650 _aGEN
654 _aCHU
942 _cLIB
_dJUS
_fJUS
_2ddc
_n
999 _c1092
_d1092